[Event "ITA-ch U20"]
[Site "Bratto"]
[Date "2008.08.25"]
[Round "4"]
[White "Guidi, Giacomo G"]
[Black "Ghedin, Emanuele"]
[Result "1/2-1/2"]
[WhiteElo "1526"]
[BlackElo "1824"]
[PlyCount "81"]
[EventDate "2008.08.22"]
[EventType "swiss"]
[EventRounds "9"]
[EventCountry "ITA"]
[SourceTitle "CBM 126 Extra"]
[Source "ChessBase"]
[SourceDate "2008.11.05"]
[SourceVersion "1"]
[SourceVersionDate "2008.11.05"]
[SourceQuality "1"]

1. e4 c6 2. d4 d5 3. e5 Bf5 4. h4 h5 5. c4 Bxb1 6. Rxb1 dxc4 7. Bxc4 e6 8. Nf3 Nd7 9. 0-0 Nh6 10. Bd3 g6 11. g3 Be7 12. b4 Nf5 13. Bxf5 gxf5 14. b5 Qb6 15. Be3 cxb5 16. Qb3 Qc6 17. Ng5 a6 18. Rfc1 Qd5 19. Qxd5 exd5 20. Nh3 Bd8 21. Nf4 Nb6 22. Bd2 Nc4 23. Bb4 a5 24. Be1 Na3 25. Rb3 b4 26. Nxd5 Kd7 27. Rd3 Rc8 28. Rxc8 Kxc8 29. Bd2 Rg8 30. Kh2 Nb5 31. Bf4 Nc7 32. Ne3 Ne6 33. Nxf5 Kd7 34. Nd6 Bxh4 35. Nxb7 Rg4 36. Nxa5 Nxf4 37. gxf4 Rxf4 38. f3 Bf2 39. Nb3 Ke6 40. Kg2 Bh4 41. Nc5+ 1/2-1/2

[Event "ITA-ch U20"]
[Site "Bratto"]
[Date "2005.08.27"]
[Round "8"]
[White "Ghedin, Emanuele"]
[Black "Bosi, Clint"]
[Result "0-1"]
[WhiteElo "1572"]
[BlackElo "2025"]
[PlyCount "172"]
[EventDate "2005.08.20"]
[EventType "swiss"]
[EventRounds "9"]
[EventCountry "ITA"]
[SourceTitle "EXT 2006"]
[Source "ChessBase"]
[SourceDate "2005.11.24"]
[SourceVersion "1"]
[SourceVersionDate "2005.11.24"]
[SourceQuality "1"]

1. d4 Nf6 2. c4 g6 3. Nc3 Bg7 4. e4 d6 5. f3 0-0 6. Be3 e5 7. d5 Nbd7 8. Qd2 a6 9. Bd3 Rb8 10. Nge2 b6 11. h4 h5 12. Bg5 Qe8 13. Bc2 b5 14. cxb5 axb5 15. Nc1 Nb6 16. b3 Nh7 17. Be3 f5 18. Bd3 Bd7 19. 0-0 f4 20. Bf2 g5 21. Kh1 b4 22. Nd1 gxh4 23. Bxh4 Bf6 24. g3 Bxh4 25. gxh4 Qe7 26. Rg1+ Kh8 27. Qh2 Rg8 28. Ne2 Rxg1+ 29. Kxg1 Rg8+ 30. Kf2 Nf6 31. Qh1 c6 32. dxc6 Bxc6 33. Rc1 Ba8 34. Nb2 Qa7 35. Kf1 Qxa2 36. Bc4 d5 37. Qh3 dxc4 38. Qe6 Nbd7 39. Rd1 Qa7 40. Rxd7 Qxd7 41. Qxf6+ Qg7 42. Qxg7+ Kxg7 43. Nxc4 Kf6 44. Nc1 Bc6 45. Nd3 Re8 46. Nxb4 Bb5 47. Nd5+ Kf7 48. Ke1 Bxc4 49. bxc4 Rc8 50. Nb6 Rc6 51. Nd7 Ke6 52. Nf8+ Ke7 53. Nh7 Rxc4 54. Kf2 Rc2+ 55. Kg1 Ra2 56. Ng5 Ra1+ 57. Kg2 Ra2+ 58. Kg1 Ra8 59. Kf2 Ra7 60. Nh7 Ke6 61. Ng5+ Kd6 62. Kf1 Re7 63. Nh3 Kc5 64. Ng5 Kd4 65. Ke2 Kc3 66. Nh3 Ra7 67. Kf1 Kd3 68. Ng5 Ke3 69. Kg1 Ra1+ 70. Kg2 Ra2+ 71. Kg1 Rf2 72. Nf7 Rxf3 73. Nxe5 Kxe4 74. Nd7 Kf5 75. Kg2 Rc3 76. Nb6 Kg4 77. Nd5 Rc2+ 78. Kg1 Rb2 79. Kf1 f3 80. Ne3+ Kxh4 81. Nf5+ Kg4 82. Ne3+ Kf4 83. Nd1 Rc2 84. Kg1 Kg3 85. Ne3 Rc1+ 86. Nf1+ Rxf1+ 0-1

[Event "ITA-ch U20"]
[Site "Bratto"]
[Date "2005.08.23"]
[Round "4"]
[White "Ghedin, Emanuele"]
[Black "Finocchiaro, Gianluca"]
[Result "1-0"]
[WhiteElo "1572"]
[BlackElo "1730"]
[PlyCount "29"]
[EventDate "2005.08.20"]
[EventType "swiss"]
[EventRounds "9"]
[EventCountry "ITA"]
[SourceTitle "EXT 2006"]
[Source "ChessBase"]
[SourceDate "2005.11.24"]
[SourceVersion "1"]
[SourceVersionDate "2005.11.24"]
[SourceQuality "1"]

1. d4 Nf6 2. c4 e6 3. Nc3 d5 4. cxd5 exd5 5. Bg5 Nbd7 6. e3 c6 7. Qc2 Qa5 8. Bd3 Bb4 9. Nge2 0-0 10. 0-0-0 Ne4 11. Bxe4 dxe4 12. h4 h6 13. Qxe4 hxg5 14. hxg5 g6 15. Qh4 1-0